| 000 | 00798nam a22001577a 4500 | ||
|---|---|---|---|
| 999 |
_c60867 _d60867 |
||
| 005 | 20231113115240.0 | ||
| 008 | 231113s1961 ru ||||| |||| 00| 0 rus d | ||
| 041 | _arus | ||
| 080 | _a94(6) Ж-87 | ||
| 100 |
_aЖюльен, Ш.-Андре _920348 |
||
| 245 |
_aИстория Северной Африки: _bТунис, Алжир, Марокко с древнейших времен до арабского завоевания (647 год)/ _cШ.-Андре Жюльен. |
||
| 264 |
_aМосква : _bИздательcтво иностранной литературы, _c1961. |
||
| 300 |
_a428 стр. ; _b21 см. |
||
| 653 | _aჩრდილოეთ აფრიკის ისტორია: ტუნისი, ალჟირი, მაროკო | ||
| 942 |
_2udc _cᲬᲘᲒᲜᲘ |
||